| 000 | 00391cam a2200145ua 4500 | ||
|---|---|---|---|
| 003 | OSt | ||
| 005 | 20260213112722.0 | ||
| 008 | 260213b |||||||| |||| 00| 0 eng d | ||
| 041 | _aeng | ||
| 082 |
_a028.7463 _bAGR/Ro |
||
| 245 | _aRoyal commission on Agriculture in India: Abridged report | ||
| 260 |
_aNew Delhi : _bAgro-Biological Publications , _c1928. |
||
| 300 | _a100 ; . | ||
| 942 | _cBK | ||
| 999 |
_c5379 _d5379 |
||